| 000 | 01633cam a2200397 a 4500 | ||
|---|---|---|---|
| 001 | 16469104 | ||
| 003 | OSt | ||
| 005 | 20150408113957.0 | ||
| 008 | 100921s2010 enkab b 001 0 eng d | ||
| 010 | _a 2010282489 | ||
| 015 |
_aGBB027499 _2bnb |
||
| 016 | 7 |
_a015489062 _2Uk |
|
| 020 | _a9780199572618 | ||
| 020 | _a0199572615 | ||
| 035 | _a(OCoLC)ocn520714173 | ||
| 040 |
_aUKM _cUKM _dBWK _dYDXCP _dC#P _dBWX _dDLC |
||
| 042 | _alccopycat | ||
| 043 | _ae-uk-st | ||
| 050 | 0 | 0 |
_aPR4338 _b.L43 2010 |
| 082 | 0 | 4 |
_a821.6 L N R _222 |
| 100 | 1 |
_aLeask, Nigel, _d1958- _97917 |
|
| 245 | 1 | 0 |
_aRobert Burns and pastoral : _bpoetry and improvement in late eighteenth-century Scotland / _cNigel Leask. |
| 260 |
_aOxford ; _aNew York : _bOxford University Press, _c2010. |
||
| 300 |
_axiv, 347 p. : _bill., map ; _c24 cm. |
||
| 504 | _aIncludes bibliographical references (p. [311] -328) and index. | ||
| 600 | 1 | 0 |
_aBurns, Robert, _d1759-1796 _xCriticism and interpretation. _97918 |
| 650 | 0 |
_aPastoral poetry, English _xHistory and criticism. _97919 |
|
| 650 | 0 |
_aAgriculture in literature. _97920 |
|
| 650 | 0 |
_aAgriculture _zScotland _xHistory _y18th century. _97921 |
|
| 856 | 4 | 2 |
_3Contributor biographical information _uhttp://www.loc.gov/catdir/enhancements/fy1102/2010282489-b.html |
| 856 | 4 | 2 |
_3Publisher description _uhttp://www.loc.gov/catdir/enhancements/fy1102/2010282489-d.html |
| 856 | 4 | 1 |
_3Table of contents only _uhttp://www.loc.gov/catdir/enhancements/fy1102/2010282489-t.html |
| 906 |
_a7 _bcbc _ccopycat _d2 _encip _f20 _gy-gencatlg |
||
| 942 |
_2ddc _cDVD |
||
| 999 |
_c19595 _d254095 |
||